Detalles MARC
| 000 -LIDER |
| fixed length control field |
00985nam a22003137a 4500 |
| 001 - NÚMERO DE CONTROL |
| Identificador de número de control |
01478 |
| 003 - IDENTIFICACDOR DE NÚMERO DE CONTROL |
| control field |
DO-SdBPM |
| 005 - DATE AND TIME OF LATEST TRANSACTION |
| control field |
20250604133216.0 |
| 007 - CAMPOS FIJOS DE DESCRIPCIÓN FÍSICA |
| fixed length control field |
01478 |
| 008 - ELEMENTOS DE LONGITUD FIJA |
| fixed length control field |
160915b2007 ch | 00| 0 spa d |
| 020 ## - ISBN |
| International Standard Book Number |
9562392538 |
| 040 ## - FUENTE DE CATALOGACIÓN |
| Agencia que crea de manera original el registro |
DO-SdBPM |
| Idioma de catalogación |
spa |
| Agencia que realiza la transcripción |
BPMSU |
| 082 #4 - NÚMERO DE CLASIFICACIÓN DECIMAL DE DEWEY |
| Classification number |
658.314 |
| Item number |
F529s 2007 |
| Edition number |
22 |
| 100 1# - ASIENTO PRINCIPAL -- NOMBRE PERSONAL |
| Nombre personal |
Fischman, David |
| 245 13 - MENCIÓN DE TITULO |
| Título |
El secreto de las siete semillas / |
| Mención de responsabilidad |
David Fischman |
| 246 14 - VARIACION DEL TÍTULO |
| Título propiamente dicho o título corto |
El secreto de las siete semillas : |
| Subtítulo |
el equilibrio entre la empresa y la vida. |
| 250 ## - MENCIÓN DE EDICION |
| Mención de edición |
4a. ed. |
| 260 ## - PUBLICACIÓN, DISTRIBUCIÓN, ETC. (PIE DE IMPRENTA) |
| Lugar de publicación, distribución, etc |
Santiago de Chile : |
| Nombre del editor, distribuidor, etc. |
El Mercurio Aguilar, |
| Fecha de publicación, distribución, etc |
2007. |
| 300 ## - DESCRIPCIÓN FÍSICA |
| Extensión |
195 p. ; |
| Otros detalles físicos |
24 cm. |
| 490 0# - MENCIÓN DE SERIES |
| Mención de serie |
El mercurio |
| 500 ## - NOTA GENERAL |
| Nota general |
Incluye datos biográficos del autor en la solapa de la cubierta |
| 590 ## - NOTA LOCAL |
| Texto de la nota local |
Inventariado, 2025/VM |
| 650 #4 - ENCABEZAMIENTO DE MATERIA--TEMÁTICO |
| Término temático o nombre geográfico como elemento de entrada |
Conducta (Ética) |
| 650 #4 - ENCABEZAMIENTO DE MATERIA--TEMÁTICO |
| Término temático o nombre geográfico como elemento de entrada |
Éxito en los negocios |
| 650 #4 - ENCABEZAMIENTO DE MATERIA--TEMÁTICO |
| Término temático o nombre geográfico como elemento de entrada |
Liderazgo |
| Subdivisión temática general |
Aspectos religiosos |
| 830 #0 - ASIENTO SECUNDARIO DE SERIE--TÍTULO UNIFORME |
| Título uniforme |
El mercurio |
| 910 ## - VALIDACIÓN |
| Validación |
VMateo V. Control de calidad. BPMSU |
| 942 ## - ADDED ENTRY ELEMENTS (KOHA) |
| Source of classification or shelving scheme |
Dewey Decimal Classification |
| Koha item type |
Libros |